Statistiques concernant Culture Générale - Série 1544

Cliquez ici pour prendre le quiz!

Statistiques générales

  • Ce quiz a été pris 43 fois
  • Le résultat moyen est 4 sur 10

Statistiques - réponses

QuestionRéponse% Correct
Les trois guerres qui ont opposé Rome à Carthage sont regroupées sous le nom de "guerres...Puniques
71%
Dans le film "Dragonball Evolution", de quelle matière sont faites les 7 boules que le héros doit réunir ?cristal
67%
Comment s'appellent les habitants de la Sardaigne ?Sardes
60%
Quel médecin breton est à l'origine de l'invention du stéthoscope, en 1816 ?René Laennec
40%
Avec les hiéroglyphes et le démotique, quelle troisième écriture est inscrite sur la pierre de Rosette ?grec
38%
Quelle ville d'Iran, au sud de Téhéran, abrite la Mosquée Royale ?Ispahan
33%
En 1789, quel homme politique français rédige la brochure intitulée “Qu'est-ce que le tiers état” ?Sieyès
26%
Au Moyen Âge, quel terme désignait un cheval de parade ?palefroi
21%
Quel mot latin désigne les bagages qui ralentissent la marche d'une armée ?Impedimenta
12%
Quel est le vrai nom du personnage de Jules Renard surnommé “Poil de carotte” ?François Lepic
7%

Distribution des résultats

Percentile par nombre de réponses

% des personnes avec chaque résultat

Votre développement - résultats

Vous n’avez pas pris ce quiz